| 000 | 01021 a2200229 4500 | ||
|---|---|---|---|
| 003 | UA-OsUOA | ||
| 005 | 20260205132550.0 | ||
| 008 | 260205b un ||||| |||| 00| 0 ukr d | ||
| 020 | _a9789663744476 | ||
| 040 |
_bukr _cUA-OsUOA |
||
| 080 | _a82.09:27 | ||
| 090 |
_a82.09:27 _bМ48 |
||
| 100 |
_aМельнікова Ю. _923131 |
||
| 110 |
_aБердянський державний педагогічний університет _919849 |
||
| 245 |
_aРомантична проблематика християнського міфу у "Quid est veritas?" Наталени Королеви _bмонографія _cЮлія Мельникова |
||
| 260 |
_aДонецьк _bЮго-Восток _c2009 |
||
| 300 | _a197 с. | ||
| 650 |
_a82.09 Літературна критика. Літературні дослідження _91582 |
||
| 942 |
_cBK _2udc |
||
| 955 | _a1 | ||
| 999 |
_c579662 _d579662 |
||